El nombre de la rosa

Guardado en:
Bibliografiske detaljer
Hovedforfatter: Eco, Umberto
Format: Bog
Sprog:Undetermined
Udgivet: Barcelona, España Plaza & Janés Editores, S.A. 1999
Udgivelse:5
Fag:
Tags: Tilføj Tag
Ingen Tags, Vær først til at tagge denne postø!

MARC

LEADER 00000nam a2200000Ia 4500
008 170316s9999 xx 000 0 und d
999 |c 8137  |d 8137 
040 |a cru BVZT 
090 |a 850 E-1n 
100 |a Eco, Umberto 
245 |a El nombre de la rosa  |c / Umberto Eco 
250 |a 5 
260 |a Barcelona, España  |b Plaza & Janés Editores, S.A.  |c 1999 
300 |a 782 páginas 
650 |a LITERATURA ITALIANA  |9 212 
942 |c 4 D  |h 850 E-1n  |2 z